Southville International School and Colleges
Your cart is empty.
  • Cart
  • Lists
    Public lists Eva Luna New books Lux_list list_1
    Your lists Log in to create your own lists
  • Log in to your account
  • Your cookies
  • Search history
Southville International School and Colleges
  • Advanced search
  • Recent comments
  • Most popular
  • Libraries

Log in to your account

Log in with GOOGLE


If you do not have an external account, but do have a local account, you can still log in:

  1. Home
  2. MARC view: Moving and learning series / :
Normal view MARC view ISBD view

Moving and learning series / : (Record no. 105795)

[ view plain ]
MARC details
000 -LEADER
fixed length control field 00577nam a2200181 a 4500
005 - DATE AND TIME OF LATEST TRANSACTION
control field 20140412111415.0
008 - FIXED-LENGTH DATA ELEMENTS--GENERAL INFORMATION
fixed length control field 070706s19uu xx 00 eng d
020 ## - INTERNATIONAL STANDARD BOOK NUMBER
International Standard Book Number 0-7668-2792-5
050 ## - LIBRARY OF CONGRESS CALL NUMBER
Classification number TR(GS 372.86
Item number P58 2000
100 ## - MAIN ENTRY--PERSONAL NAME
Personal name Pica, Rae
245 ## - TITLE STATEMENT
Title Moving and learning series / :
Remainder of title Preschoolers and Kindergartners /
Statement of responsibility, etc Rae Pica.
260 ## - PUBLICATION, DISTRIBUTION, ETC. (IMPRINT)
Place of publication, distribution, etc U.S.A :
Name of publisher, distributor, etc Delmar Thomson learning,
Date of publication, distribution, etc 2000.
300 ## - PHYSICAL DESCRIPTION
Extent 152
500 ## - GENERAL NOTE
General note Includes bibliographical references. ages 4-6 years
650 ## - SUBJECT ADDED ENTRY--TOPICAL TERM
Topical term or geographic name as entry element Movement Education
650 ## - SUBJECT ADDED ENTRY--TOPICAL TERM
Topical term or geographic name as entry element Pre-School children-Recreation
Holdings
Withdrawn status Lost status Damaged status Home library Current library Shelving location Date acquired Source of acquisition Total Checkouts Full call number Barcode Date last seen Price effective from Koha item type
      Elizalde Library Elizalde Library Teachers Reference Section 07/06/2007     TR(GS 372.86 P58 2000 E10690 04/12/2014 04/12/2014 Books

Moving and learning series / :

APA

Pica R., . (2000). Moving and learning series. U.S.A: Delmar Thomson learning.

Chicago

Pica Rae, . 2000. Moving and learning series. U.S.A: Delmar Thomson learning.

Harvard

Pica R., . (2000). Moving and learning series. U.S.A: Delmar Thomson learning.

MLA

Pica Rae, . Moving and learning series. U.S.A: Delmar Thomson learning. 2000.

  • Place hold
  • Print
  • Cite
  • Add to your cart (remove)
  • Save record
    BIBTEX Dublin Core MARCXML MARC (non-Unicode/MARC-8) MARC (Unicode/UTF-8) MARC (Unicode/UTF-8, Standard) MODS (XML) RIS
  • More searches
    Search for this title in:
    Other Libraries (WorldCat) Other Databases (Google Scholar) Online Stores (Bookfinder.com) Open Library (openlibrary.org)

Exporting to Dublin Core...

SOUTHVILLE LIBRARY

Southville International School and Colleges Library

1281 Tropical Ave. Cor. Luxembourg St., BF Homes International, Las Pinas City

Tel. No. 8256374 / 252358 Loc. 117/146

Powered by Koha